00902nam a22002777a 4500001001000000003000900010005001700019007000300036008003400039040005400073041001000127072004800137100002200185100002400207110008100231245015000312260003800462300001000500500001400510650002400524650002300548650001900571650001300590650001200603650000900615BR8002765BR-BrBNA20230928090613.0ta230509b bl.||||| |||| 00| 0 por d aBR-BrBNAbporcBiblioteca Nacional de Agricultura a(Por) aF25b3862b0230b/G178b/G732b/G443b/G4501 aOrlando Filho, J.1 aZambello Junior, E.1 aPrograma Nacional de Melhoramento da Cana-de-Acucar, Piracicaba, SP (Brasil)1 aViagem de estudos realizada a Africa do Sul, Filipinas, Havai e Louisiana [Residuo industrial; Vinhaca; Adubacao; Cana de acucar; Saccharum spp.]3 aPiracicaba, SP (Brasil): c1980.  a49 p. a18 tables aFertilidade do solo aResiduo industrial aCana de acucar aAdubacao aVinhaca aSolo